Juegos: los mágicos números del doctor Matrix
Bewaard in:
| Hoofdauteur: | |
|---|---|
| Formaat: | Boek |
| Taal: | Spaans |
| Gepubliceerd in: |
Barcelona
Gedisa
1994
|
| Reeks: | Colección Humor y Entretenimiento Serio
|
| Onderwerpen: | |
| Tags: |
Voeg label toe
Geen labels, Wees de eerste die dit record labelt!
|
MARC
| LEADER | 00000nam a2200000 a 4500 | ||
|---|---|---|---|
| 001 | UCP3924 | ||
| 003 | CL-VaPUC | ||
| 008 | 990709e19940000SP |||||||||||||||||spa|d | ||
| 082 | 0 | 4 | |a 793.74 |b GAR |2 21 |
| 100 | |a Gardner, Martin |e author |9 591378 | ||
| 245 | 1 | 0 | |a Juegos: los mágicos números del doctor Matrix |
| 300 | |a 324 p | ||
| 942 | |c BK | ||
| 945 | |d 19990709 00:00:00 |a vberengu | ||
| 260 | |a Barcelona |b Gedisa |c 1994 | ||
| 650 | 7 | |a MATEMATICAS RECREATIVAS |2 CL-VaPUC |9 269273 | |
| 650 | 7 | |a JUEGOS MATEMATICOS |2 CL-VaPUC |9 431294 | |
| 583 | |a last modification |c 19990709 00:00:00 |k Rodrigo Vera | ||
| 490 | 0 | |a Colección Humor y Entretenimiento Serio | |
| 999 | |c 282038 |d 282036 | ||